=LDR 00000nam 2200000 4500 =001 INLIS000000000006547 =005 20251111083729 =035 ##$$a 0010-1125000421 =007 ta =008 251111###########################0#ind## =082 ##$$a 363.96 =084 ##$$a 363.96 BAD k =245 1#$$a Keberhasilan Tujuan Gerakan KB, Kontribusi Terhadap Peningkatan Disiplin Nasional : $b - /$c Badan Koordinasi Keluarga Berencana Nasional =260 ##$:$b Badan Koordinasi Keluarga Berencana Nasional =300 ##$$a 6 hal : $b - ; $c 21 cm =650 #4$$a Keluarga Berencana =110 #$$a Badan Koordinasi Keluarga Berencana Nasional =856 ##$$a Perpustakaan Kemendukbangga